大阪駅に日を跨ぐまでに行ける駅・時間を選ぶサドンデス - Statistics

General Stats
  • This quiz has been taken 464 times
  • The average score is 2 of 20
Answers on the Grid
Answers color-coded by a green-red scale on the quiz's grid according to % correct below.
20:40 紀伊田辺
21:00 亀山(三重)
18:00 新宮
20:00 豊岡(兵庫)
21:30 高松
19:30 魚津
20:00 峰山
20:50 新木場
13:30 志布志
17:00 たびら平戸口
17:10 浜田
23:45 鶴橋
6:00 稚内
6:00 知床斜里
6:00 根室
15:00 あつみ温泉
16:30 宿毛
23:00 金剛
23:00 和邇
22:00 鞍馬
15:00 大湊
15:00 津軽中里
15:00 十和田南
15:00 鹿角花輪
15:30 宮古
17:30 信濃大町
18:00 松原湖
6:40 宗太郎
16:00 若桜
16:00 美濃白鳥
16:30 伊豆急下田
17:30 上総中野
20:00 つくば
23:00 大和西大寺
23:30 桜島
16:30 三井野原
20:00 西粟倉
16:30 阿波海南
19:30 大嵐
19:30 中多久
 
Answer Stats
Answer % Correct
23:30 桜島
25%
20:00 つくば
24%
23:00 大和西大寺
24%
20:50 新木場
22%
16:30 伊豆急下田
21%
21:30 高松
21%
6:00 稚内
19%
21:00 亀山(三重)
16%
17:30 信濃大町
8%
16:00 若桜
7%
17:30 上総中野
7%
16:00 美濃白鳥
6%
17:00 たびら平戸口
6%
23:00 金剛
6%
16:30 阿波海南
5%
19:30 大嵐
5%
20:00 西粟倉
4%
15:00 あつみ温泉
3%
15:30 宮古
3%
16:30 三井野原
2%
No matching quizzes found
Score Distribution
Percent of People with Each Score
Percentile by Number Answered
Your Score History
You have not taken this quiz